|
|
|
|
| LEADER |
00000nam a22000007a 4500 |
| 005 |
20191115121927.0 |
| 007 |
cr|||| |||| |
| 008 |
191115s2019 co |||||s|||| 00||0 spa d |
| 020 |
|
|
|a 978-958-762-993-4
|
| 035 |
|
|
|a 30662
|
| 040 |
|
|
|a vLex
|
| 090 |
|
|
|c 10034
|d 10034
|
| 100 |
1 |
|
|a Eslava Sarmiento, Luis Alexander
|
| 245 |
1 |
0 |
|a Logs̕tica del transporte de mercanca̕s en Contenedores Mart̕imos
|h [Recurso electrn̤ico] /
|c Luis Alexander Eslava Sarmiento
|
| 256 |
|
|
|a Servicio en ln̕ea
|
| 260 |
|
|
|a Bogot:̀
|b Ediciones de la U,
|c 2019
|
| 300 |
|
|
|a 1 recurso electrn̤ico
|
| 506 |
1 |
|
|a Disponible solo en los productos indicados
|d vLex Global
|d vLex Global (Academic Edition, excluding Law Schools)
|d vLex Global (U.S. Academic Edition, Law Schools)
|d vLex Global (U.S. Academic Edition, excluding Law Schools)
|d vLex Global (Academic Edition, Law Schools)
|
| 650 |
0 |
4 |
|a Derecho Mercantil y de la Empresa
|z Colombia
|
| 740 |
0 |
|
|a vLex Libros (Servicio en ln̕ea)
|
| 856 |
4 |
0 |
|u http://vlex.com/source/logistica-transporte-mercancias-contenedores-maritimos-30662
|z Acceso restringido
|
| 942 |
|
|
|c BOOK
|
| 999 |
0 |
|
|a Commercial and Business Law
|